Libertad de expresión e información (Record no. 60919)

MARC details
000 -LEADER
fixed length control field 00881nam a22002057a 4500
005 - DATE AND TIME OF LATEST TRANSACTION
control field 20230330082148.0
008 - FIXED-LENGTH DATA ELEMENTS--GENERAL INFORMATION
fixed length control field 230113b sp ||||| |||| 00| 0 spa d
020 ## - INTERNATIONAL STANDARD BOOK NUMBER
International Standard Book Number 8495382237
050 04 - LIBRARY OF CONGRESS CALL NUMBER
Classification number KKT2470
Item number C38 2001
100 1# - MAIN ENTRY--PERSONAL NAME
Personal name Català i Bas, Alexandre H.
245 10 - TITLE STATEMENT
Title Libertad de expresión e información
Remainder of title : la jurisprudencia del TEDH y su recepción por el Tribunal Constitucional, hacia un derecho europeo de los derechos humanos
Statement of responsibility, etc / Alexandre H. Català i Bas.
250 ## - EDITION STATEMENT
Edition statement 1a ed.
260 ## - PUBLICATION, DISTRIBUTION, ETC. (IMPRINT)
Place of publication, distribution, etc Valencia :
Name of publisher, distributor, etc Ediciones Revista General de Derecho,
Date of publication, distribution, etc 2001
300 ## - PHYSICAL DESCRIPTION
Extent 484 p. ;
Dimensions 21 cm.
504 ## - BIBLIOGRAPHY, ETC. NOTE
Bibliography, etc Incluye anexo, bibliografia : p. 467-484
650 #7 - SUBJECT ADDED ENTRY--TOPICAL TERM
Source of heading or term lemb
Topical term or geographic name as entry element Libertad de expresión
General subdivision Tribunales constitucionales
Geographic subdivision España
650 #7 - SUBJECT ADDED ENTRY--TOPICAL TERM
Source of heading or term lemb
Topical term or geographic name as entry element Libertad de información
General subdivision Tribunal constitucional
Geographic subdivision España
650 #7 - SUBJECT ADDED ENTRY--TOPICAL TERM
Source of heading or term lemb
Topical term or geographic name as entry element Derechos humanos
Geographic subdivision Europa
942 ## - ADDED ENTRY ELEMENTS (KOHA)
Source of classification or shelving scheme Biblioteca del Cogreso de los Estados Unidos
Koha item type Libro
Holdings
Estado de pérdida Fuente de clasificación Estado del daño No para préstamo Ubicación permanente Ubicación actual Apartado o colección Fecha de adquisición Fuente de adquisición Edición Área del conocimiento Total Checkouts Clasificación Código de Barras Date last seen Número de copia Costo por reposición Tipo de recurso
  Biblioteca del Cogreso de los Estados Unidos     Biblioteca del Posgrado en Derecho Biblioteca del Posgrado en Derecho Colección Ernesto Villanueva 30/03/2023 Donación 1a ed. Ciencias Sociales y Administrativas   KKT2470 C38 2001 BPD000001908 30/03/2023 1 1.00 Libro